Statistics for Minnesota Alphabet Quiz

Click here to take the quiz!

General Stats

  • This quiz has been taken 37 times
  • The average score is 14 of 26

Answer Stats

Q - 35th GovernorAnswer% Correct
C - Shuffleboard on ice, Olympic eventCurling
94%
M - The most important river in the central United StatesMississippi
94%
V - Professional football teamVikings
94%
W - Popular and tasty fishWalleye
90%
D - Ocean going port, westernmost point in the Great LakesDuluth
87%
G - Star of the Wizard of OzGarland
87%
R - Home of the Mayo ClinicRochester
84%
I - Lake that is the source of the Mississippi RiverItasca
77%
U - Name of the Minnesota professional soccer team (FC)United
74%
F - Senator who resigned due to sexual misconduct allegations in 2018Franken
68%
H - Democratic Presidential nominee in 1968Humphrey
61%
L - Flew the Spirit of St Louis to Paris in 1927Lindbergh
58%
Z - Bob Dylan's last nameZimmerman
52%
K - All-time Twins leader in Home Runs, RBIs, and StrikeoutsKillebrew
48%
N - Prince's last nameNelson
45%
S - Largest CountySaint Louis
42%
A - Sisters who sang "Boogie Woogie Bugle Boy"Andrews
39%
E - Home of the US Hockey Hall of FameEveleth
39%
P - Former NFL MVP who became a Minnesota Supreme Court JusticePage
39%
O - Hometown of Owl CityOwatonna
35%
X - Former nom de plume of Congressman EllisonKeith X Ellison
29%
Y - County encompassing the Upper Sioux ReservationYellow Medicine
26%
T - Cargo of the Edmund Fitzgerald when she sankTaconite
19%
B - Leader of the "Green Revolution" that helped feed billions, Nobel Laureate in 1970Borlaug
16%
Q - 35th GovernorQuie
16%
J - Producing and songwriting partner of Terry LewisJimmy Jam
13%

Score Distribution

Percentile by Number Answered

Percent of People with Each Score

Your Score History

You have not taken this quiz